000 00639nam a2200205Ia 4500
005 20250508162051.0
008 008 250505s9999 xx 000 0 eng d
020 _a0-335-06611-9
037 _aTextual
040 _aFEDL
_beng
_cFEDL
041 _aeng
_2eng
084 _a371.2, OPE
_qFEDL
245 0 _aRole, the educational manager and the individual in the organization
245 4 _cThe Open University Educational Studies : A Third Level Course E321 Management in Education
260 _c1976
300 _a115p.
650 _aSchool Administration
942 _cTEXL
_h371.2, OPE
999 _c1374175
_d1374175